| 000 | 00617 a2200181 4500 | ||
|---|---|---|---|
| 003 | Nust | ||
| 005 | 20170207153552.0 | ||
| 040 | _cNust | ||
| 082 | _a005.8 | ||
| 100 | _aSyed, Madhia Haider (MSIS-6) | ||
| 245 |
_aCryptanalysis of M-209 and similar PIN wheel cipher machines _cMadhia Haider Syed, |
||
| 260 |
_bMCS (NUST) _cJanuary 2011 _aRawalpindi |
||
| 300 | _aviii, 57, p.; | ||
| 505 | _aIntroduction (page-1) Literature review (page-4) M-209; Known plain text attack (page-28) Testing and analysis (page-51) Conclusion (page-55) | ||
| 538 | _a Almirah No.70 Shelf No.5 | ||
| 650 | _aPG Thesis | ||
| 651 | _aMSIS-6 | ||
| 942 | _cTHS | ||
| 999 |
_c188919 _d188919 |
||